Bill of rights reader leading constitutional cases

Guardat en:
Dades bibliogràfiques
Autor principal: Konvitz, Milton R.
Format: Llibre
Idioma:Undetermined
Publicat: New York Cornell University 1954
Matèries:
Etiquetes: Afegir etiqueta
Sense etiquetes, Sigues el primer a etiquetar aquest registre!
Thư viện lưu trữ: Trung tâm Học liệu Trường Đại học Cần Thơ
LEADER 00556nam a2200205Ia 4500
001 CTU_85095
008 210402s9999 xx 000 0 und d
082 |a 342.73 
082 |b K82 
100 |a Konvitz, Milton R. 
245 0 |a Bill of rights reader leading constitutional cases 
245 0 |c Milton R. Konvitz 
260 |a New York 
260 |b Cornell University 
260 |c 1954 
650 |a Constitutional law 
650 |x Caess 
650 |z United states 
904 |i Mai Loan 
980 |a Trung tâm Học liệu Trường Đại học Cần Thơ